[Event "AUTO-INT-2967"]
[Site "http://www.queenalice.com/game.php?id=1364470"]
[Date "2015.6.9"]
[Round "2"]
[White "Ramses_Chess"]
[Black "Jonny70"]
[Result "0-1"]
[WhiteElo "1959"]
[BlackElo "1789"]

1. e4 d5 2. exd5 Qxd5 3. Nc3 Qa5 4. d4 e5 5. dxe5 Bb4 6. Bd2 Nc6 7. a3 Nd4 8.
Bd3 Qxe5+ 9. Nge2 Nxe2 10. Qxe2 Qxe2+ 11. Bxe2 Ba5 12. O-O-O Bd7 0-1

[Event "AUTO-INT-2967"]
[Site "http://www.queenalice.com/game.php?id=1364471"]
[Date "2015.6.9"]
[Round "2"]
[White "Jonny70"]
[Black "Ramses_Chess"]
[Result "1-0"]
[WhiteElo "1741"]
[BlackElo "1959"]

1. Nf3 Nf6 2. g3 g6 3. b3 Bg7 4. Bb2 d5 5. Bg2 O-O 6. O-O c5 7. c4 e6 8. d3 dxc4
9. bxc4 Nc6 10. Nbd2 Bd7 11. Nb3 b6 12. Ne5 1-0

[Event "AUTO-INT-2967"]
[Site "http://www.queenalice.com/game.php?id=1364474"]
[Date "2015.6.9"]
[Round "2"]
[White "Jonny70"]
[Black "kpfingaz"]
[Result "1-0"]
[WhiteElo "1846"]
[BlackElo "1679"]

1. Nf3 d6 2. d4 h6 3. e4 Nf6 4. Bd3 c6 5. O-O Bg4 6. h3 Bxh3 7. gxh3 Qd7 8. Kh2
g5 9. e5 Nd5 10. Re1 g4 11. e6 fxe6 12. Bg6+ Kd8 13. hxg4 Nf6 14. Nh4 d5 15. Bf7
Qd6+ 16. Kg2 Rh7 17. Bxe6 Rg7 18. Nf5 Qc7 19. Nxg7 Bxg7 20. Nc3 Na6 21. Rb1 Qd6
22. Qf3 Nc7 23. Bf4 Qb4 24. Bxc7+ Kxc7 25. Qf4+ Kb6 26. a3 Qd6 27. Qxd6 exd6 28.
f3 h5 29. Ne2 h4 30. c3 Rh8 31. Nf4 Bh6 32. Nh3 Bf8 33. Re2 Ne8 34. Bxd5 Nf6 35.
Be6 d5 36. Rbe1 Bd6 37. Bf5 Bg3 38. Rf1 a5 39. Re6 Rf8 40. Bd3 Nd7 41. g5 Rg8
42. f4 Rg7 43. f5 Nf8 44. Re8 Nh7 45. f6 Nxf6 46. Rxf6 a4 47. g6 Kc7 48. Rf7+
Rxf7 49. gxf7 Bd6 50. f8=Q Bxf8 51. Rxf8 Kd7 52. Rf7+ Ke6 53. Rxb7 Kd6 54. Ra7
c5 55. dxc5+ Kxc5 56. Rxa4 Kd6 57. Rxh4 1-0

[Event "AUTO-INT-2967"]
[Site "http://www.queenalice.com/game.php?id=1364475"]
[Date "2015.6.9"]
[Round "2"]
[White "kpfingaz"]
[Black "Jonny70"]
[Result "0-1"]
[WhiteElo "1678"]
[BlackElo "1830"]

1. e4 d5 2. d3 dxe4 3. d4 Nf6 4. h3 Nc6 5. c3 e5 6. Ne2 Be6 7. Qa4 Qd7 8. Ng3
exd4 9. c4 Bd6 10. Ne2 d3 11. Nd2 dxe2 12. Bxe2 Nd4 13. Qd1 O-O 14. b3 Nxe2 15.
Qxe2 Be5 16. Rb1 Bf5 17. Ba3 Rfe8 18. Qe3 Bd4 19. Qg3 e3 20. fxe3 Rxe3+ 21. Qxe3
Bxe3 22. Rd1 Bc2 23. Ke2 Bxd1+ 24. Rxd1 Bxd2 25. Rxd2 Re8+ 26. Kd1 Qf5 27. Kc1
Re1+ 28. Rd1 Rxd1+ 29. Kxd1 Qb1+ 30. Bc1 Ne4 31. a3 Nc3+ 32. Kd2 Na2 33. b4
Qxc1+ 34. Kd3 Qxa3+ 35. Kd4 Qxb4 36. Kd5 c6+ 37. Kd4 Qd6+ 38. Ke4 Nb4 39. Kf5
Qd3+ 40. Ke5 Qxc4 41. Kd6 Na6 42. Ke5 Qd5+ 43. Kf4 Nc7 44. g4 Ne6+ 45. Kg3 Qd3+
46. Kh4 g5+ 47. Kh5 Qxh3# 0-1

[Event "AUTO-ADV-3799"]
[Site "http://www.queenalice.com/game.php?id=1469455"]
[Date "2017.3.19"]
[Round "1"]
[White "TITAN10"]
[Black "Jonny70"]
[Result "0-1"]
[WhiteElo "1801"]
[BlackElo "1913"]

1. e4 c5 2. Nf3 d6 3. Bc4 Nf6 4. d3 e6 5. Bg5 Be7 6. Nbd2 O-O 7. O-O h6 8. Bh4
d5 9. exd5 exd5 10. Bb3 Nc6 11. Re1 Be6 12. c4 Na5 13. Bc2 Re8 14. Bg3 Bd6 15.
Ba4 Re7 16. cxd5 Bxd5 17. Bxd6 Qxd6 18. Rxe7 Qxe7 19. Qc2 Nc6 20. Re1 Qd6 21. a3
Nd4 22. Nxd4 cxd4 23. Bb3 Bc6 24. Nc4 Qc5 25. Nd2 Qg5 26. g3 Rd8 27. Qd1 Ng4 28.
f3 Ne3 29. Qe2 Qb5 30. Rb1 Re8 31. Bc4 Nxc4 32. Qd1 Nxd2 0-1

[Event "AUTO-ADV-3799"]
[Site "http://www.queenalice.com/game.php?id=1469456"]
[Date "2017.3.19"]
[Round "1"]
[White "Jonny70"]
[Black "TITAN10"]
[Result "1-0"]
[WhiteElo "1940"]
[BlackElo "1826"]

1. e4 c5 2. Nf3 d6 3. c3 Nc6 4. d4 cxd4 5. cxd4 Nf6 6. d5 Nb8 7. Be2 Nbd7 8. Nc3
a6 9. O-O b5 10. a3 e5 11. dxe6 fxe6 12. Nd4 Nc5 13. Bg5 Be7 14. Nc6 Qd7 15.
Nxe7 Qxe7 16. Bh5+ g6 17. Bf3 Rb8 18. Bxf6 Qxf6 19. Qxd6 Nd7 20. Rfd1 Rb6 21.
Qc7 Qd8 22. Qxd8+ Kxd8 23. Be2 Ke7 24. Rd4 Rd6 25. Rxd6 Kxd6 26. f4 Bb7 27. Kf2
Nc5 28. Rd1+ Ke7 29. Ke3 Rd8 30. Rxd8 Kxd8 31. b4 Nd7 32. Kd4 Ke7 33. g3 Kf6 34.
e5+ Kf7 35. Bd3 Nb6 36. Kc5 Nd7+ 37. Kd6 Nf8 38. Be4 Bxe4 39. Nxe4 h6 40. Nc5
1-0

[Event "AUTO-ADV-3799"]
[Site "http://www.queenalice.com/game.php?id=1469469"]
[Date "2017.3.19"]
[Round "1"]
[White "mvson33"]
[Black "Jonny70"]
[Result "0-1"]
[WhiteElo "1774"]
[BlackElo "1899"]

1. e4 c5 2. Nf3 e6 3. d4 cxd4 4. Nxd4 Nf6 5. Nc3 a6 6. Bd3 Qc7 7. O-O Bd6 8. Bd2
Bxh2+ 9. Kh1 Bf4 10. Bxf4 Qxf4 11. Qf3 Qh4+ 12. Kg1 Nc6 13. Nxc6 dxc6 14. g3 Qh3
15. Qg2 e5 16. f4 Qxg2+ 17. Kxg2 b5 18. fxe5 Ng4 19. Rae1 Nxe5 20. Rf2 Be6 21.
Ref1 O-O 22. Rf4 Rad8 23. a3 Nxd3 24. cxd3 Rxd3 25. R4f2 c5 26. Rf3 Rxf3 27.
Rxf3 Rd8 28. Rf2 Rd3 29. Kh2 g6 30. Re2 Bb3 31. e5 b4 32. axb4 cxb4 33. Nb1 Rd1
34. Nd2 Bd5 35. Kh3 h5 36. Re3 Rh1# 0-1

[Event "AUTO-ADV-3799"]
[Site "http://www.queenalice.com/game.php?id=1469470"]
[Date "2017.3.19"]
[Round "1"]
[White "Jonny70"]
[Black "mvson33"]
[Result "1-0"]
[WhiteElo "1928"]
[BlackElo "1778"]

1. e4 e5 2. Nf3 Nc6 3. Bc4 Bc5 4. c3 Nf6 5. d4 exd4 6. cxd4 Bb6 7. d5 Na5 8. Bd3
Bc5 9. Bd2 Bd4 10. Nxd4 b6 11. Bxa5 bxa5 12. Nc3 d6 13. Nc6 Qd7 14. Nxa5 O-O 15.
O-O Rb8 16. Rb1 Qg4 17. Qxg4 Bxg4 18. Nc6 Rb7 19. f3 Bd7 20. Nd4 Rfb8 21. b3 g6
22. Bc4 a5 23. a4 Be8 24. Nc6 Bxc6 25. dxc6 Rb6 26. Nd5 Nxd5 27. Bxd5 Kg7 28. f4
f6 29. e5 fxe5 30. fxe5 dxe5 31. Rf7+ Kh6 32. Rxc7 e4 33. Bxe4 Rxb3 34. Rxb3
Rxb3 35. Rb7 Rc3 36. Rd7 Ra3 37. c7 Rc3 38. Bb7 1-0

[Event "AUTO-ADV-3799"]
[Site "http://www.queenalice.com/game.php?id=1469479"]
[Date "2017.3.19"]
[Round "1"]
[White "Jonny70"]
[Black "fabricioprado"]
[Result "1-0"]
[WhiteElo "1882"]
[BlackElo "1789"]

1. e4 e5 2. Nf3 Nc6 3. Bc4 Nf6 4. Ng5 d5 5. exd5 Nxd5 6. Nxf7 Kxf7 7. Qf3+ Qf6
8. Bxd5+ Ke7 9. Qxf6+ gxf6 10. Bxc6 bxc6 11. Nc3 Bf5 12. d3 Kf7 13. Be3 Bb4 14.
Kd2 Rhg8 15. g3 a5 16. a3 Bd6 17. Ne4 Be7 18. f3 Rad8 19. Ke2 h5 20. b3 Bxe4 21.
fxe4 Bd6 22. a4 Ke6 23. Raf1 Rdf8 24. Bd2 Ra8 25. Rf3 Bb4 26. Rhf1 Raf8 27. Bxb4
axb4 28. Rf5 Rh8 29. d4 exd4 30. e5 Rh6 31. Rxf6+ Rhxf6 32. Rxf6+ 1-0

[Event "AUTO-ADV-3799"]
[Site "http://www.queenalice.com/game.php?id=1469480"]
[Date "2017.3.19"]
[Round "1"]
[White "fabricioprado"]
[Black "Jonny70"]
[Result "0-1"]
[WhiteElo "1821"]
[BlackElo "1861"]

1. d4 Nf6 2. c4 g6 3. Nc3 d5 4. Bg5 Ne4 5. Nxe4 dxe4 6. e3 Bg7 7. Be2 c5 8. f3
h6 9. Bh4 cxd4 10. exd4 Bxd4 11. Nh3 g5 12. Bf2 e3 13. Bg3 Qa5+ 14. Kf1 Bxb2 15.
Rb1 Bg7 16. Qb3 Nc6 17. Be1 Qc5 18. Bb4 Qe5 19. g3 Bxh3+ 20. Kg1 Nd4 21. Qa4+ b5
22. Qd1 Rd8 23. Qe1 Qf5 24. f4 Nxe2+ 25. Qxe2 Qxb1+ 0-1

[Event "AUTO-ADV-3799"]
[Site "http://www.queenalice.com/game.php?id=1481199"]
[Date "2017.6.5"]
[Round "2"]
[White "worldwide"]
[Black "Jonny70"]
[Result "0-1"]
[WhiteElo "1987"]
[BlackElo "1996"]

1. e4 c6 2. d4 d5 3. e5 Bf5 4. Bd3 Bxd3 5. Qxd3 Qa5+ 6. Bd2 Qa6 7. Qb3 e6 8. Ne2
Nd7 9. Nbc3 Ne7 10. O-O Nb6 11. a4 Nc4 12. Be1 Nf5 13. Qa2 h5 14. b3 Na5 15. Qb2
Be7 16. b4 Nc4 17. Qb3 h4 18. b5 Qb6 19. bxc6 bxc6 20. Qa2 Nxd4 21. Nxd4 Qxd4
0-1

[Event "AUTO-ADV-3799"]
[Site "http://www.queenalice.com/game.php?id=1481200"]
[Date "2017.6.5"]
[Round "2"]
[White "Jonny70"]
[Black "worldwide"]
[Result "1-0"]
[WhiteElo "1983"]
[BlackElo "1927"]

1. e4 e5 2. Nf3 d6 3. d4 b6 4. dxe5 Bb7 5. Bb5+ Bc6 6. Nc3 a6 7. Bxc6+ Nxc6 8.
exd6 Bxd6 9. O-O Nge7 10. Qe2 Ng6 11. e5 Be7 12. Qe4 Na7 13. Rd1 Qc8 14. Nd5 O-O
15. Qxg6 fxg6 16. Nxe7+ 1-0

[Event "AUTO-ADV-3799"]
[Site "http://www.queenalice.com/game.php?id=1481203"]
[Date "2017.6.5"]
[Round "2"]
[White "Jonny70"]
[Black "chessman"]
[Result "1-0"]
[WhiteElo "1953"]
[BlackElo "1899"]

1. e4 e6 2. d3 d5 3. Nd2 Nf6 4. Ngf3 Be7 5. g3 O-O 6. Bg2 c5 7. e5 Nfd7 8. O-O
b6 9. Re1 Nc6 10. c4 Bb7 11. a3 Qc7 12. Qe2 Rfd8 13. cxd5 exd5 14. e6 Nf6 15.
exf7+ Kxf7 16. Qe6+ Ke8 17. Ng5 1-0

[Event "AUTO-ADV-3799"]
[Site "http://www.queenalice.com/game.php?id=1481204"]
[Date "2017.6.5"]
[Round "2"]
[White "chessman"]
[Black "Jonny70"]
[Result "0-1"]
[WhiteElo "1924"]
[BlackElo "1968"]

1. e4 c6 2. Nf3 d5 3. exd5 cxd5 4. d4 Nf6 5. Bd3 e6 6. O-O Be7 7. Re1 O-O 8.
Nbd2 Nc6 9. c3 Qc7 10. Nf1 Bd6 11. h3 h6 12. Bc2 b6 13. Qd3 Bb7 14. Be3 Rac8 15.
g4 Nb4 16. Qd2 Nxc2 17. Qxc2 Ne4 18. N1d2 f5 19. Nxe4 dxe4 20. Nd2 f4 0-1